000 01025nam a2200301 i 4500
001 bg
100 1 _aZELDMAN, Jeffrey
245 1 0 _aProjektowanie serwisów WWW :
_bstandardy sieciowe /
_cJeffrey Zeldman ; [tł. Janusz Grabis, Szymon Kobalczyk].
246 _iTyt. oryg.:
_aDesigning with web standards
260 _aGliwice :
_b"Helion",
_ccop. 2004.
300 _a408 s. :
_bfot. ;
_c24 cm.
500 _aTyt. oryg.: "Designing with web standards" 2003.
504 _aIndeks.
650 9 _aPrzeglądarki internetowe
_xbudowa i organizacja
650 9 _aStrony WWW
_xbudowa i organizacja
650 9 _aStrony WWW
_xprojekty
655 _aPodręczniki
700 1 _aGRABIS, Janusz.
_eTł.
700 1 _aKOBALCZYK, Szymon.
_eTł.
020 _a8373613943
040 _cBPK
041 1 _apol
_heng
080 _a004.738.52:004.4'234](07)
920 _a83-7361-394-3
942 _cKS
008 s pl f |000 0 pol
999 _c44933
_d44933